LEADER 02847nam 2200625Ia 450 001 9910456143803321 005 20200520144314.0 010 $a1-282-41250-7 010 $a9786612412509 010 $a0-309-14380-2 035 $a(CKB)2420000000001450 035 $a(EBL)3378530 035 $a(SSID)ssj0000435888 035 $a(PQKBManifestationID)11313246 035 $a(PQKBTitleCode)TC0000435888 035 $a(PQKBWorkID)10422876 035 $a(PQKB)10781425 035 $a(MiAaPQ)EBC3378530 035 $a(Au-PeEL)EBL3378530 035 $a(CaPaEBR)ebr10347020 035 $a(CaONFJC)MIL241250 035 $a(OCoLC)923280759 035 $a(EXLCZ)992420000000001450 100 $a20070625d2009 uy 0 101 0 $aeng 135 $aur|n|---||||| 181 $ctxt 182 $cc 183 $acr 200 00$aEmergency and continuous exposure guidance levels for selected submarine contaminants$hVolume 3$b[electronic resource] /$fSubcommittee on Emergency and Continuous Exposure Guidance Levels for Selected Submarine Contaminants, Committee on Toxicology, Board on Environmental Studies and Toxicology, Division on Earth and Life Studies, National Research Council of the National Academies 210 $aWashington, D.C. $cNational Academies Press$dc2009 215 $a1 online resource (192 p.) 225 0 $aEmergency and continuous exposure guidance levels for selected submarine contaminants ;$v3 300 $aDescription based upon print version of record. 311 $a0-309-14379-9 320 $aIncludes bibliographical references. 327 $a""Preface""; ""Contents""; ""Summary""; ""1 Introduction""; ""2 Acetaldehyde""; ""3 Hydrogen Chloride""; ""4 Hydrogen Fluoride""; ""5 Hydrogen Sulfide""; ""6 Propylene Glycol Dinitrate""; ""Appendix A: Biographic Information on the Committee on Emergency and Continuous Exposure Guidance Levels for Selected Submarine Contaminants""; ""Appendix B: Statement of Task""; ""Glossary"" 606 $aSubmarines (Ships) 606 $aAir quality 606 $aGases, Asphyxiating and poisonous 608 $aElectronic books. 615 0$aSubmarines (Ships) 615 0$aAir quality. 615 0$aGases, Asphyxiating and poisonous. 676 $a623.825 712 02$aNational Research Council (U.S.).$bSubcommittee on Emergency and Continuous Exposure Guidance Levels for Selected Submarine Contaminants. 712 02$aNational Research Council (U.S.).$bCommittee on Toxicology. 712 02$aNational Research Council (U.S.).$bBoard on Environmental Studies and Toxicology. 801 0$bMiAaPQ 801 1$bMiAaPQ 801 2$bMiAaPQ 906 $aBOOK 912 $a9910456143803321 996 $aEmergency and continuous exposure guidance levels for selected submarine contaminants$91974789 997 $aUNINA LEADER 01333nam a2200313 i 4500 001 991000885159707536 008 041104s2004 enka b 001 0 eng d 020 $a1860944736 035 $ab13287886-39ule_inst 040 $aSet. Economia$bita 082 04$a519.2$222 084 $aAMS 60-02 084 $aLC QA273.67.J63 100 1 $aJohnson, Oliver Thomas$0621995 245 10$aInformation theory and the central limit theorem /$cOliver Johnson 260 $aLondon :$bImperial College Press ;$aRiver Edge, N.J. :$bDistributed by World Scientific Publishing,$cc2004 300 $axiv, 209 p. :$bill. ;$c24 cm 504 $aInclude riferimenti bibliografici (p. 199-206) e indice 650 0$aCentral limit theorem 650 0$aInformation theory$xStatistical methods 650 0$aProbabilities 650 4$aTeoria dell'informazione 907 $a.b13287886$b02-09-09$c07-03-05 912 $a991000885159707536 945 $aLE013 60-XX JOH11 (2004)$g1$i2013000290058$lle013$op$pE54.75$q-$rl$s- $t0$u1$v0$w1$x0$y.i14057384$z05-05-05 945 $aLE025 ECO 519.2 JOH02.01$g1$i2025000136427$lle025$op$pE55.19$q-$rl$s- $t0$u0$v0$w0$x0$y.i14184667$z30-01-06 996 $aInformation theory and the central limit theorem$91107504 997 $aUNISALENTO 998 $a(2)le013$a(2)le025$b07-03-05$cm$da $e-$feng$genk$h0$i4